|
|
|
|
| LEADER |
01162nab a2200313 i 4500 |
| 001 |
publ20118 |
| 005 |
20201218134548.0 |
| 008 |
201218s2020 hu o 0|| zxx d |
| 022 |
|
|
|a 2296-858X
|
| 024 |
7 |
|
|a 10.3389/fmed.2020.566582
|2 doi
|
| 024 |
7 |
|
|a 31674538
|2 mtmt
|
| 040 |
|
|
|a SZTE Publicatio Repozitórium
|b hun
|
| 041 |
|
|
|a zxx
|
| 100 |
1 |
|
|a Juhász László
|
| 245 |
1 |
0 |
|a Divergent Effects of the N-Methyl-D-Aspartate Receptor Antagonist Kynurenic Acid and the Synthetic Analog SZR-72 on Microcirculatory and Mitochondrial Dysfunction in Experimental Sepsis
|h [elektronikus dokumentum] /
|c Juhász László
|
| 260 |
|
|
|c 2020
|
| 300 |
|
|
|a Azonosító: 566582-Terjedelem: 12 p
|
| 490 |
0 |
|
|a FRONTIERS IN MEDICINE
|v 7
|
| 700 |
0 |
1 |
|a Rutai Attila
|e aut
|
| 700 |
0 |
1 |
|a Fejes Roland
|e aut
|
| 700 |
0 |
1 |
|a Tallósy Szabolcs Péter
|e aut
|
| 700 |
0 |
1 |
|a Poles Marietta Zita
|e aut
|
| 700 |
0 |
1 |
|a Szabó Andrea
|e aut
|
| 700 |
0 |
1 |
|a Szatmári István
|e aut
|
| 700 |
0 |
1 |
|a Fülöp Ferenc
|e aut
|
| 700 |
0 |
1 |
|a Vécsei László
|e aut
|
| 700 |
0 |
1 |
|a Boros Mihály
|e aut
|
| 700 |
0 |
1 |
|a Kaszaki József
|e aut
|
| 856 |
4 |
0 |
|u http://publicatio.bibl.u-szeged.hu/20118/1/pdf
|z Dokumentum-elérés
|